00566 a2200193 4500003000500000005001700005010001700022020002800039020003100067040000900098082001300107100002500120245010100145250001200246260003700258300003300295650002300328650002100351Nust20170207165830.0 a 2010048334 a0073380687 (alk. paper) a9780073380681 (alk. paper) cNust00a621.38221 aRoberts, Michael J.,10aSignals and systems (E-BOOK)banalysis using transform methods and MATLAB /cMichael J. Roberts. a2nd ed. aNew York :bMcGraw-Hill,cc2012. axx, 796 p. :bill. ;c27 cm. 0aSignal processing. 0aSystem analysis.